000
00339nam a22001577a 4500
003
SGT
020
_a
9781439864740
082
_a
363.25
_b
COY
100
_a
COYLE HEATHER MILLER
245
_a
FORENSIC BOTANY
250
_a
2ND
260
_a
LONDON
_b
CRC PRESS
_c
2025
300
_a
308
650
_a
FORENSIC BOTANY
942
_2
ddc
_c
BK
999
_c
34720
_d
34720